000 00724nam a2200289Ia 4500
005 20260324124743.0
008 008 260324s9999 xx 000 0 eng d
020 _a9781315549941
037 _aEBOOK
040 _aCRL
040 _beng
040 _cCRL
041 _2eng
041 _aeng
084 _qCRL
100 _aSelene Scarsi
_91175360
245 0 _aTranslating Women in Early Modern England
245 0 _bGender in the Elizabethan Versions of Boiardo, Ariosto and Tasso
260 _bTaylor and Francis
260 _c2010
365 _a
365 _b230
856 _uhttp://www.taylorfrancis.com/books/9781315549941
942 _cEBOOK
999 _c1770031
_d1770031